[Event "Paracin op-A 18th"]
[Site "Paracin"]
[Date "2025.07.10"]
[Round "7"]
[White "Laurusas, Tomas"]
[Black "Vignesh, NR."]
[Result "1/2-1/2"]
[WhiteElo "2541"]
[BlackElo "2531"]
[PlyCount "57"]
[EventDate "2025.07.04"]
[EventType "swiss"]
[EventRounds "9"]
[EventCountry "SRB"]
[SourceTitle "CB29_2025"]
[SourceDate "2025.07.16"]
[SourceVersion "1"]
[SourceVersionDate "2025.07.16"]
[SourceQuality "1"]

1. d4 Nf6 2. c4 e6 3. Nf3 d5 4. Nc3 c5 5. cxd5 Nxd5 6. g3 cxd4 7. Nxd5 Qxd5 8. Qxd4 Qb5 9. e4 Qb4+ 10. Bd2 Nc6 11. Qxb4 Bxb4 12. Bb5 Bxd2+ 13. Kxd2 Bd7 14. Rac1 Ke7 15. Ke3 Rac8 16. Bxc6 Bxc6 17. Nd4 Bd7 18. f4 f6 19. Rhd1 a6 20. Nf3 Rhd8 21. e5 Bc6 22. Rxd8 Rxd8 23. Nd4 fxe5 24. Nxc6+ bxc6 25. Rxc6 exf4+ 26. gxf4 a5 27. b3 Rd5 28. Ra6 Kf6 29. Ke4 1/2-1/2

[Event "Paracin op-A 18th"]
[Site "Paracin"]
[Date "2025.07.05"]
[Round "2"]
[White "Lisenkov, Svyatoslav"]
[Black "Vignesh, NR."]
[Result "0-1"]
[WhiteElo "2283"]
[BlackElo "2531"]
[PlyCount "76"]
[EventDate "2025.07.04"]
[EventType "swiss"]
[EventRounds "9"]
[EventCountry "SRB"]
[SourceTitle "CB29_2025"]
[SourceDate "2025.07.16"]
[SourceVersion "1"]
[SourceVersionDate "2025.07.16"]
[SourceQuality "1"]

1. e4 e5 2. Nf3 Nc6 3. Bc4 Nf6 4. d3 h6 5. Nc3 Bb4 6. 0-0 Bxc3 7. bxc3 0-0 8. Re1 Re8 9. h3 Na5 10. Bb3 d6 11. Nh2 Bd7 12. f4 c5 13. c4 a6 14. a4 b5 15. Bd2 bxc4 16. Bxa5 Qxa5 17. Bxc4 exf4 18. Rf1 d5 19. Bxd5 Nxd5 20. exd5 Qb4 21. Qf3 g5 22. Ng4 Qd4+ 23. Kh1 f5 24. Nxh6+ Kg7 25. Qh5 Qf6 26. Nf7 g4 27. Rae1 Rh8 28. Qg5+ Kxf7 29. Qxf4 gxh3 30. g4 Rac8 31. g5 Qg6 32. Re5 Rhe8 33. Rxe8 Rxe8 34. Qc7 Re7 35. Rg1 Qh5 36. g6+ Kg7 37. Qf4 Qe2 38. d6 Bc6+ 0-1

[Event "IND-chT 44th"]
[Site "Ahmedabad"]
[Date "2025.03.11"]
[Round "9.1"]
[White "Srihari, Lakshmi"]
[Black "Vignesh, NR."]
[Result "1-0"]
[WhiteElo "2366"]
[BlackElo "2537"]
[PlyCount "77"]
[EventDate "2025.03.05"]
[EventType "team-swiss"]
[EventRounds "9"]
[EventCountry "IND"]
[SourceTitle "CB12_2025"]
[SourceDate "2025.03.19"]
[SourceVersion "1"]
[SourceVersionDate "2025.03.19"]
[SourceQuality "1"]
[WhiteTeam "Pondicherry"]
[BlackTeam "Railway Sport PB II"]
[WhiteTeamCountry "IND"]
[BlackTeamCountry "IND"]

1. e4 e5 2. Nf3 Nc6 3. Bc4 Nf6 4. d3 Bc5 5. Bg5 0-0 6. a4 Be7 7. h3 h6 8. Bh4 Nh5 9. Bg3 Nxg3 10. fxg3 Bf6 11. 0-0 Ne7 12. Nc3 c6 13. Kh1 d5 14. Ba2 Be6 15. Nh2 Kh8 16. Ng4 Ng8 17. Qf3 d4 18. Nb1 Bd7 19. Nd2 Qe7 20. Qe2 g6 21. Nxf6 Nxf6 22. Nf3 c5 23. Rf2 Be6 24. Bxe6 Qxe6 25. Raf1 Nd7 26. Qd2 Kg7 27. Nh2 Qe7 28. Ng4 Qg5 29. Rxf7+ Rxf7 30. Rxf7+ Kxf7 31. Nxh6+ Kf6 32. Ng4+ Qxg4 33. hxg4 a5 34. Qh6 Rg8 35. Qh7 Rg7 36. Qh8 b6 37. g5+ Kf7 38. Qc8 Ke7 39. Qc6 1-0

[Event "IND-chT 44th"]
[Site "Ahmedabad"]
[Date "2025.03.08"]
[Round "5.1"]
[White "Sankalp, Gupta"]
[Black "Vignesh, NR."]
[Result "1/2-1/2"]
[WhiteElo "2545"]
[BlackElo "2537"]
[PlyCount "84"]
[EventDate "2025.03.05"]
[EventType "team-swiss"]
[EventRounds "9"]
[EventCountry "IND"]
[SourceTitle "CB12_2025"]
[SourceDate "2025.03.19"]
[SourceVersion "1"]
[SourceVersionDate "2025.03.19"]
[SourceQuality "1"]
[WhiteTeam "Airports Authority"]
[BlackTeam "Railway Sport PB II"]
[WhiteTeamCountry "IND"]
[BlackTeamCountry "IND"]

1. e4 e5 2. Nf3 Nc6 3. Bb5 a6 4. Ba4 Nf6 5. 0-0 Be7 6. Re1 b5 7. Bb3 d6 8. c3 0-0 9. h3 Na5 10. Bc2 c5 11. d4 Qc7 12. d5 Nc4 13. b3 Nb6 14. a4 c4 15. b4 Bd7 16. a5 Nc8 17. Nbd2 h6 18. Nf1 Nh7 19. Be3 Bf6 20. Ng3 Ne7 21. Qd2 Rae8 22. Kh2 Qd8 23. Rg1 Ng6 24. Nf5 Bxf5 25. exf5 Nh4 26. Nxh4 Bxh4 27. Bb6 Qd7 28. Rge1 Bg5 29. Qd1 Kh8 30. g3 Bd8 31. Bxd8 Rxd8 32. h4 Rde8 33. Qf3 Nf6 34. Be4 g6 35. Bc2 h5 36. Kg2 Kg7 37. Rad1 Re7 38. Rd2 Rfe8 39. Rde2 Qb7 40. Be4 Qd7 41. Bc2 Qb7 42. Be4 Qd7 1/2-1/2

[Event "Seville op 50th"]
[Site "Seville"]
[Date "2025.01.15"]
[Round "6"]
[White "Vignesh, NR."]
[Black "Druska, Juraj"]
[Result "1/2-1/2"]
[WhiteElo "2523"]
[BlackElo "2438"]
[PlyCount "45"]
[EventDate "2025.01.10"]
[EventType "swiss"]
[EventRounds "9"]
[EventCountry "ESP"]
[SourceTitle "CB04_2025"]
[SourceDate "2025.01.22"]
[SourceVersion "1"]
[SourceVersionDate "2025.01.22"]
[SourceQuality "1"]

1. e4 e5 2. Nf3 Nf6 3. Nxe5 d6 4. Nf3 Nxe4 5. Bd3 Nf6 6. 0-0 Be7 7. c3 0-0 8. Bc2 Bg4 9. d4 c5 10. h3 Bh5 11. Re1 cxd4 12. g4 Bg6 13. Nxd4 Nc6 14. Nf5 Re8 15. Bg5 Qb6 16. Nxe7+ Nxe7 17. Bxf6 gxf6 18. Nd2 Qxb2 19. Ne4 Bxe4 20. Bxe4 d5 21. Bg2 Qxc3 22. Re3 Qc6 23. Qd2 1/2-1/2

[Event "Roquetas de Mar op 36th"]
[Site "Roquetas de Mar"]
[Date "2025.01.05"]
[Round "6"]
[White "Vignesh, NR."]
[Black "Roebers, Eline"]
[Result "1-0"]
[WhiteElo "2523"]
[BlackElo "2381"]
[PlyCount "113"]
[EventDate "2025.01.02"]
[EventType "swiss"]
[EventRounds "9"]
[EventCountry "ESP"]
[SourceTitle "CB02_2025"]
[SourceDate "2025.01.08"]
[SourceVersion "1"]
[SourceVersionDate "2025.01.08"]
[SourceQuality "1"]

1. e4 c5 2. Nf3 Nc6 3. Bb5 e5 4. 0-0 Bd6 5. c3 Nge7 6. d4 cxd4 7. cxd4 exd4 8. Nxd4 0-0 9. Nc3 Be5 10. Nde2 f5 11. Bc4+ Kh8 12. exf5 d5 13. Nxd5 Nxf5 14. Bf4 Bxb2 15. Rb1 Be5 16. Bxe5 Nxe5 17. Bb3 Nh4 18. f4 Nc6 19. Nec3 Nf5 20. Bc2 Nfd4 21. Be4 Bf5 22. Re1 Qd7 23. Qd3 Rae8 24. Bxf5 Rxe1+ 25. Rxe1 Qxf5 26. Re4 Ne6 27. Qe3 Ned8 28. h3 Qd7 29. f5 Nf7 30. f6 Nd6 31. Re6 Nf5 32. Qe4 Ng3 33. Qg4 Nh5 34. fxg7+ Nxg7 35. Rf6 Qd8 36. Ne4 Ne5 37. Qf4 Nd7 38. Rxf8+ Qxf8 39. Qxf8+ Nxf8 40. Nd6 Nd7 41. Nxb7 Ne6 42. Kf2 Kg7 43. Ke3 Kh6 44. Nd6 Kg5 45. Ne4+ Kh6 46. Nf4 Nxf4 47. Kxf4 Kg6 48. g3 h6 49. Nc3 Kf6 50. Nd5+ Ke6 51. Nc7+ Kf6 52. Ke4 Nc5+ 53. Kd4 Na4 54. Nb5 a6 55. Nc7 a5 56. Nd5+ Kg5 57. Ne3 1-0

[Event "Roquetas de Mar op 36th"]
[Site "Roquetas de Mar"]
[Date "2025.01.04"]
[Round "5"]
[White "Xu, Minghui"]
[Black "Vignesh, NR."]
[Result "1/2-1/2"]
[WhiteElo "2428"]
[BlackElo "2523"]
[PlyCount "70"]
[EventDate "2025.01.02"]
[EventType "swiss"]
[EventRounds "9"]
[EventCountry "ESP"]
[SourceTitle "CB02_2025"]
[SourceDate "2025.01.08"]
[SourceVersion "1"]
[SourceVersionDate "2025.01.08"]
[SourceQuality "1"]

1. d4 Nf6 2. c4 e6 3. Nc3 Bb4 4. e3 0-0 5. Bd3 d5 6. Nge2 dxc4 7. Bxc4 Be7 8. 0-0 c5 9. a3 Nbd7 10. Nf4 cxd4 11. exd4 Nb6 12. Ba2 Bd7 13. d5 exd5 14. Nfxd5 Nfxd5 15. Nxd5 Nxd5 16. Bxd5 Bc6 17. Bxc6 Qxd1 18. Rxd1 bxc6 19. Be3 Bf6 20. Bd4 Bxd4 21. Rxd4 Rfb8 22. b4 a5 23. Rc1 axb4 24. axb4 Ra4 25. g3 Raxb4 26. Rxb4 Rxb4 27. Rxc6 g6 28. h4 h5 29. Kg2 Kg7 30. Ra6 Rb2 31. Rc6 Ra2 32. Rb6 Rc2 33. Rd6 Ra2 34. Rb6 Rc2 35. Rd6 Ra2 1/2-1/2

[Event "SRB-chT Premier"]
[Site "Bajina Basta"]
[Date "2024.10.04"]
[Round "8.2"]
[White "Vignesh, NR."]
[Black "Sychev, Klementy"]
[Result "1/2-1/2"]
[WhiteElo "2511"]
[BlackElo "2532"]
[PlyCount "43"]
[EventDate "2024.09.27"]
[EventType "team-tourn"]
[EventRounds "11"]
[EventCountry "SRB"]
[SourceTitle "EXT 2025"]
[Source "ChessBase"]
[SourceDate "2024.10.14"]
[SourceVersion "1"]
[SourceVersionDate "2024.10.14"]
[SourceQuality "1"]
[WhiteTeam "Kostolac Rudar"]
[BlackTeam "Kac Jugovic"]
[WhiteTeamCountry "SRB"]
[BlackTeamCountry "SRB"]

1. e4 c5 2. Nf3 d6 3. Bb5+ Nd7 4. d4 cxd4 5. Nxd4 Ngf6 6. 0-0 a6 7. Bd3 Nc5 8. Nc3 e5 9. Nf5 d5 10. Bg5 dxe4 11. Bxe4 Ncxe4 12. Nxg7+ Bxg7 13. Qxd8+ Kxd8 14. Nxe4 Ke7 15. f4 Ke6 16. f5+ Ke7 17. Rad1 a5 18. Rd5 Ra6 19. Re1 Kf8 20. Rd8+ Ke7 21. Rd5 Kf8 22. Rd8+ 1/2-1/2

[Event "SRB-chT Premier"]
[Site "Bajina Basta"]
[Date "2024.09.30"]
[Round "4.2"]
[White "Vignesh, NR."]
[Black "Grigoryan, Karen H"]
[Result "1/2-1/2"]
[WhiteElo "2511"]
[BlackElo "2569"]
[PlyCount "47"]
[EventDate "2024.09.27"]
[EventType "team-tourn"]
[EventRounds "11"]
[EventCountry "SRB"]
[SourceTitle "EXT 2025"]
[Source "ChessBase"]
[SourceDate "2024.10.14"]
[SourceVersion "1"]
[SourceVersionDate "2024.10.14"]
[SourceQuality "1"]
[WhiteTeam "Kostolac Rudar"]
[BlackTeam "Elemir Naftagas"]
[WhiteTeamCountry "SRB"]
[BlackTeamCountry "SRB"]

1. e4 c6 2. Nc3 d5 3. Nf3 Bg4 4. h3 Bxf3 5. Qxf3 e6 6. Be2 Bc5 7. Qg3 Bd4 8. exd5 exd5 9. 0-0 Nd7 10. Bd1 Ne7 11. Ne2 Be5 12. Qf3 Ng6 13. d4 Bd6 14. c3 Qf6 15. Qe3+ Qe6 16. Bc2 Qxe3 17. Bxe3 0-0 18. Rae1 Rfe8 19. g3 Ngf8 20. Nf4 g6 21. Kg2 Ne6 22. Nd3 Re7 23. f4 Rae8 24. Ne5 1/2-1/2

[Event "SRB-chT Premier"]
[Site "Bajina Basta"]
[Date "2024.09.29"]
[Round "3.2"]
[White "Celik, Hasan Huseyin"]
[Black "Vignesh, NR."]
[Result "1/2-1/2"]
[WhiteElo "2425"]
[BlackElo "2511"]
[PlyCount "45"]
[EventDate "2024.09.27"]
[EventType "team-tourn"]
[EventRounds "11"]
[EventCountry "SRB"]
[SourceTitle "EXT 2025"]
[Source "ChessBase"]
[SourceDate "2024.10.14"]
[SourceVersion "1"]
[SourceVersionDate "2024.10.14"]
[SourceQuality "1"]
[WhiteTeam "Novi Sad SK"]
[BlackTeam "Kostolac Rudar"]
[WhiteTeamCountry "SRB"]
[BlackTeamCountry "SRB"]

1. c4 Nf6 2. Nc3 e5 3. Nf3 Nc6 4. e3 Bb4 5. Qc2 Bxc3 6. Qxc3 Qe7 7. a3 a5 8. b4 axb4 9. axb4 Rxa1 10. Qxa1 e4 11. b5 exf3 12. bxc6 fxg2 13. cxd7+ Qxd7 14. Bxg2 0-0 15. Bb2 Rd8 16. 0-0 Qxd2 17. Bxf6 gxf6 18. Qxf6 Qd6 19. Qg5+ Kf8 20. Qh4 Kg7 21. Qg5+ Kf8 22. Qh4 Kg7 23. Qg5+ 1/2-1/2

[Event "Commonwealth-ch"]
[Site "Waskaduwa"]
[Date "2024.09.05"]
[Round "9"]
[White "Vignesh, NR."]
[Black "Krishna, C Revanth Gopala"]
[Result "1-0"]
[WhiteElo "2511"]
[BlackElo "2425"]
[PlyCount "73"]
[EventDate "2024.08.28"]
[EventType "swiss"]
[EventRounds "9"]
[EventCountry "SRI"]
[SourceTitle "EXT 2025"]
[Source "ChessBase"]
[SourceDate "2024.10.14"]
[SourceVersion "1"]
[SourceVersionDate "2024.10.14"]
[SourceQuality "1"]

1. e4 e6 2. d4 d5 3. e5 c5 4. c3 Nc6 5. Nf3 Bd7 6. Be2 f6 7. 0-0 fxe5 8. Nxe5 Nxe5 9. dxe5 Qc7 10. Bf4 Ne7 11. c4 d4 12. Nd2 Bc6 13. Bd3 0-0-0 14. Qg4 Qd7 15. a3 Nf5 16. Ne4 Be7 17. Rfe1 Rdf8 18. Bd2 h5 19. Qe2 Qc7 20. b4 b6 21. b5 Bb7 22. a4 Qxe5 23. a5 Ne3 24. Bxe3 dxe3 25. Qxe3 Rd8 26. axb6 axb6 27. Qh3 Rd7 28. Ng3 Qf6 29. Be4 Rf8 30. Bc6 Qxf2+ 31. Kh1 Rc7 32. Qxe6+ Kb8 33. Bxb7 Rxb7 34. Rf1 Qd4 35. Rxf8+ Bxf8 36. Qe8+ Kc7 37. Rf1 1-0

[Event "Commonwealth-ch"]
[Site "Waskaduwa"]
[Date "2024.08.29"]
[Round "2"]
[White "Shubhi, Gupta"]
[Black "Vignesh, NR."]
[Result "1/2-1/2"]
[WhiteElo "2013"]
[BlackElo "2511"]
[PlyCount "133"]
[EventDate "2024.08.28"]
[EventType "swiss"]
[EventRounds "9"]
[EventCountry "SRI"]
[SourceTitle "EXT 2025"]
[Source "ChessBase"]
[SourceDate "2024.10.14"]
[SourceVersion "1"]
[SourceVersionDate "2024.10.14"]
[SourceQuality "1"]

1. d4 Nf6 2. Nf3 e6 3. c4 d5 4. Nc3 dxc4 5. e3 a6 6. a4 c5 7. Bxc4 Nc6 8. 0-0 Be7 9. dxc5 Qc7 10. b3 Bxc5 11. Bb2 h6 12. Rc1 0-0 13. Ne2 Qe7 14. Ned4 Bd7 15. Nxc6 Bxc6 16. Ne5 Be4 17. Ng4 Nh7 18. Qe2 Ba3 19. f3 Bxb2 20. Qxb2 Bc6 21. Ne5 Rfc8 22. Bd3 Be8 23. Rxc8 Rxc8 24. Rc1 Rxc1+ 25. Qxc1 Qb4 26. Qd1 Nf6 27. Nc4 Nd5 28. e4 Qc5+ 29. Kh1 Nc3 30. Qd2 Qd4 31. Qe3 Qxe3 32. Nxe3 Kf8 33. Kg1 Ke7 34. Kf2 Kd6 35. Ke1 Kc5 36. Kd2 Na2 37. Bb1 Nb4 38. Kc3 b5 39. axb5 Bxb5 40. Nc2 a5 41. Nd4 Ba6 42. f4 g6 43. g4 Kd6 44. Nf3 Be2 45. Ne5 f6 46. Nxg6 Bxg4 47. e5+ Kc5 48. exf6 Nd5+ 49. Kd2 Nxf6 50. Ne5 Bh3 51. Nf7 h5 52. Ng5 Bg4 53. Bg6 Kd4 54. h3 Bf5 55. Bf7 Ne4+ 56. Nxe4 Kxe4 57. Bxh5 Bxh3 58. Bf7 Kxf4 59. Bxe6 Bxe6 60. Kc3 Ke5 61. Kb2 Kd4 62. Ka3 Kc5 63. Ka4 Kb6 64. b4 Bd7+ 65. Ka3 a4 66. Kb2 Kb5 67. Ka3 1/2-1/2

[Event "IND-ch 61st"]
[Site "Gurugram"]
[Date "2024.08.27"]
[Round "11"]
[White "Gupta, Abhijeet"]
[Black "Vignesh, NR."]
[Result "1-0"]
[WhiteElo "2583"]
[BlackElo "2526"]
[PlyCount "185"]
[EventDate "2024.08.17"]
[EventType "swiss"]
[EventRounds "11"]
[EventCountry "IND"]
[SourceTitle "EXT 2025"]
[Source "ChessBase"]
[SourceDate "2024.10.14"]
[SourceVersion "1"]
[SourceVersionDate "2024.10.14"]
[SourceQuality "1"]

1. d4 Nf6 2. c4 e6 3. Nf3 d5 4. Nc3 Bb4 5. Bg5 h6 6. Bxf6 Qxf6 7. e3 0-0 8. Rc1 Nc6 9. Qb3 a5 10. a3 a4 11. Qc2 Ba5 12. Bd3 dxc4 13. Bh7+ Kh8 14. Be4 e5 15. Bxc6 exd4 16. Nxd4 bxc6 17. 0-0 Bxc3 18. Qxc3 c5 19. Ne2 Bf5 20. Qxf6 gxf6 21. Rfd1 Bd3 22. Nc3 Rfb8 23. Rd2 Kg7 24. f3 f5 25. Kf2 Ra6 26. Kg3 Rb3 27. Kf4 Rb8 28. h3 Re8 29. Re1 h5 30. h4 Rb8 31. Rc1 Rd8 32. Nd1 Rb8 33. Nf2 Rb3 34. Nxd3 Rxd3 35. Re2 c3 36. Rxc3 Rxc3 37. bxc3 Rb6 38. Kxf5 Rb3 39. Rc2 Rxa3 40. Ke4 Rb3 41. Kd3 a3 42. Ra2 Kf6 43. g3 Kg6 44. e4 f6 45. f4 Rb1 46. f5+ Kh6 47. Rxa3 Rg1 48. Ra6 Rxg3+ 49. Kc4 Kg7 50. Rc6 Rg4 51. Kd5 Rxh4 52. Rxc5 Kh6 53. Rxc7 Rh3 54. Rc8 Kg5 55. Ke6 h4 56. Rg8+ Kf4 57. Kxf6 Kxe4 58. Ke6 Kf4 59. f6 Re3+ 60. Kd5 Rd3+ 61. Kc4 Rd7 62. Rg7 Rd6 63. f7 Rf6 64. Rh7 Kg3 65. Kd5 h3 66. Ke5 Rf3 67. c4 h2 68. Ke6 Kg2 69. c5 Re3+ 70. Kf6 Rf3+ 71. Kg7 Rg3+ 72. Kh8 Rf3 73. Kg8 Rg3+ 74. Rg7 Rxg7+ 75. Kxg7 h1Q 76. f8Q Qa1+ 77. Kg6 Qe5 78. Qd6 Qe4+ 79. Kg7 Qb7+ 80. Kh6 Qb4 81. Qd5+ Kg1 82. c6 Qf8+ 83. Kg6 Qe8+ 84. Kg7 Qe7+ 85. Qf7 Qe5+ 86. Qf6 Qg3+ 87. Kh7 Qh2+ 88. Qh6 Qg3 89. Qg7 Kh1 90. c7 Qd3+ 91. Kh8 Qa6 92. Qh7+ Kg1 93. Qg8+ 1-0

[Event "Titled Tuesday intern op 06th Aug Early"]
[Site "Chess.com INT"]
[Date "2024.08.06"]
[Round "9"]
[White "Vignesh, NR."]
[Black "Yuan, Qingyu"]
[Result "1-0"]
[WhiteElo "2526"]
[BlackElo "2360"]
[PlyCount "147"]
[EventDate "2024.08.06"]
[EventType "swiss (blitz)"]
[EventRounds "11"]
[EventCountry "USA"]
[SourceTitle "EXT 2025"]
[Source "ChessBase"]
[SourceDate "2024.10.14"]
[SourceVersion "1"]
[SourceVersionDate "2024.10.14"]
[SourceQuality "1"]

1. Nf3 d5 2. e3 Nf6 3. c4 e6 4. Nc3 Nbd7 5. b3 Bd6 6. Bb2 a6 7. Qc2 b6 8. cxd5 exd5 9. Nxd5 Nxd5 10. Qe4+ Kf8 11. Qxd5 Rb8 12. Bc4 Qe7 13. Qg5 f6 14. Qh5 Bb7 15. Nh4 Qe8 16. Qxe8+ Rxe8 17. 0-0 Ne5 18. Be2 Be4 19. f3 Bb7 20. Nf5 Bb4 21. Rfd1 Nf7 22. a3 Be7 23. Rac1 Bd8 24. b4 Ne5 25. Kf2 g6 26. Ng3 Kf7 27. d4 Nd7 28. Bc4+ Kg7 29. e4 Nf8 30. d5 Nd7 31. Ne2 Ne5 32. Nd4 Bc8 33. Bb3 Rhf8 34. h3 g5 35. Ne6+ Bxe6 36. dxe6 Re7 37. Rd5 Ng6 38. Rxg5 Kh6 39. Rd5 Nf4 40. Rd2 Nxe6 41. Bxf6 Rxf6 42. Bxe6 Rexe6 43. Rxd8 Rxe4 44. Rxc7 Ree6 45. Rdd7 Kg5 46. Rxh7 Rg6 47. Rhg7 Rd6 48. Rxg6+ Kxg6 49. Kg3 Rd3 50. Rc6+ Kf5 51. Rxb6 Rxa3 52. b5 axb5 53. Rxb5+ Kg6 54. h4 Kg7 55. h5 Kh7 56. Kh3 Kg8 57. Rf5 Rb3 58. g4 Kh7 59. Kh4 Rb4 60. Kg5 Rb7 61. f4 Ra7 62. Kh4 Rb7 63. g5 Ra7 64. Kg4 Rb7 65. Rf7+ Rxf7 66. g6+ Kg7 67. gxf7 Kh7 68. Kf5 Kg7 69. Ke6 Kf8 70. f5 Kg7 71. Ke7 Kh7 72. h6 Kxh6 73. f8Q+ Kh7 74. f6 1-0

[Event "Dubai op-A 24th"]
[Site "Dubai"]
[Date "2024.05.28"]
[Round "4"]
[White "Vignesh, NR."]
[Black "Xie, Kaifan"]
[Result "1/2-1/2"]
[WhiteElo "2526"]
[BlackElo "2376"]
[PlyCount "65"]
[EventDate "2024.05.25"]
[EventType "swiss"]
[EventRounds "9"]
[EventCountry "UAE"]
[SourceTitle "CBM 220 Extra"]
[Source "ChessBase"]
[SourceDate "2024.07.31"]
[SourceVersion "1"]
[SourceVersionDate "2024.07.31"]
[SourceQuality "1"]

1. e4 c6 2. d4 d5 3. exd5 cxd5 4. Bd3 Nc6 5. c3 Nf6 6. Bf4 Bg4 7. Qb3 e5 8. h3 Na5 9. Qc2 exf4 10. hxg4 Nxg4 11. Qe2+ Qe7 12. Nh3 Nf6 13. Nxf4 g6 14. Nd2 Qxe2+ 15. Kxe2 Bd6 16. g3 Bxf4 17. gxf4 Kf8 18. Nf1 Re8+ 19. Kf3 Nc6 20. Ne3 Kg7 21. Rag1 Ne7 22. Rg5 Rd8 23. Rg3 Rd6 24. Re1 Re8 25. Rgg1 Rdd8 26. Re2 Kf8 27. a4 Nc6 28. f5 Rd6 29. Bb1 Rdd8 30. Ba2 Re4 31. fxg6 fxg6 32. Ree1 Re7 33. Ng4 1/2-1/2

[Event "Dubai Police op-A"]
[Site "Dubai"]
[Date "2024.05.12"]
[Round "9"]
[White "Narayanan, Sunilduth Lyna"]
[Black "Vignesh, NR."]
[Result "1/2-1/2"]
[WhiteElo "2695"]
[BlackElo "2530"]
[PlyCount "62"]
[EventDate "2024.05.04"]
[EventType "swiss"]
[EventRounds "9"]
[EventCountry "UAE"]
[SourceTitle "CBM 220 Extra"]
[Source "ChessBase"]
[SourceDate "2024.07.31"]
[SourceVersion "1"]
[SourceVersionDate "2024.07.31"]
[SourceQuality "1"]

1. d4 d5 2. c4 c6 3. Nf3 Nf6 4. Nc3 dxc4 5. a4 e6 6. e3 c5 7. Bxc4 cxd4 8. exd4 Be7 9. 0-0 Nc6 10. Qe2 0-0 11. Rd1 Nb4 12. Bg5 Bd7 13. Ne5 Bc6 14. a5 Bd5 15. Bxf6 Bxf6 16. Ra4 Bxc4 17. Qxc4 Nd5 18. Nxd5 exd5 19. Qb5 Bxe5 20. dxe5 Qc7 21. Rad4 Qxe5 22. Rxd5 Rad8 23. Rxe5 Rxd1+ 24. Qf1 Rxf1+ 25. Kxf1 f6 26. Rc5 Re8 27. b4 Kf7 28. f3 b6 29. Rc7+ Re7 30. axb6 axb6 31. Rc6 Re6 1/2-1/2

[Event "Dubai Police op-A"]
[Site "Dubai"]
[Date "2024.05.11"]
[Round "8"]
[White "Vignesh, NR."]
[Black "Mishra, Abhimanyu"]
[Result "1/2-1/2"]
[WhiteElo "2530"]
[BlackElo "2634"]
[PlyCount "88"]
[EventDate "2024.05.04"]
[EventType "swiss"]
[EventRounds "9"]
[EventCountry "UAE"]
[SourceTitle "CBM 220 Extra"]
[Source "ChessBase"]
[SourceDate "2024.07.31"]
[SourceVersion "1"]
[SourceVersionDate "2024.07.31"]
[SourceQuality "1"]

1. e4 c5 2. Nf3 d6 3. d4 cxd4 4. Nxd4 Nf6 5. Nc3 a6 6. h3 e5 7. Nb3 Be7 8. Be3 Be6 9. f4 exf4 10. Bxf4 Nc6 11. Qe2 Ne5 12. 0-0-0 Nfd7 13. Kb1 0-0 14. g4 Rc8 15. Qe3 h6 16. Be2 Re8 17. Rhg1 b5 18. Nd4 Qa5 19. Nd5 Bxd5 20. exd5 Bf6 21. g5 Ng6 22. Qf2 hxg5 23. Bxg5 Qb4 24. Bg4 Bxg5 25. Bxd7 Be3 26. Qe1 Qxe1 27. Rgxe1 Bxd4 28. Rxe8+ Rxe8 29. Bxe8 Bb6 30. b4 Ne5 31. Bc6 f5 32. c3 f4 33. Rf1 f3 34. Bb7 Nc4 35. Kc1 Be3+ 36. Kd1 Nd2 37. Rxf3 Nxf3 38. Ke2 Bd2 39. Kxf3 Bxc3 40. Bxa6 Bxb4 41. Ke4 Kf7 42. Bxb5 Ba3 43. Kd3 Ke7 44. Kc4 Kd8 1/2-1/2

[Event "Dubai Police op-A"]
[Site "Dubai"]
[Date "2024.05.08"]
[Round "5"]
[White "Sargsyan, Shant"]
[Black "Vignesh, NR."]
[Result "1/2-1/2"]
[WhiteElo "2637"]
[BlackElo "2530"]
[PlyCount "157"]
[EventDate "2024.05.04"]
[EventType "swiss"]
[EventRounds "9"]
[EventCountry "UAE"]
[SourceTitle "CBM 220 Extra"]
[Source "ChessBase"]
[SourceDate "2024.07.31"]
[SourceVersion "1"]
[SourceVersionDate "2024.07.31"]
[SourceQuality "1"]

1. e4 c5 2. Nf3 e6 3. d4 cxd4 4. Nxd4 Nf6 5. Nc3 Nc6 6. a3 d6 7. Be2 Be7 8. 0-0 0-0 9. Be3 Qc7 10. Qd2 a6 11. f4 Nxd4 12. Bxd4 e5 13. Be3 exf4 14. Bxf4 Be6 15. Kh1 Rac8 16. Rad1 Qb6 17. Qd4 Qxd4 18. Rxd4 Rfd8 19. Rfd1 Ne8 20. Bf3 g5 21. Bg3 g4 22. Be2 Bf6 23. e5 dxe5 24. Bxe5 Rxd4 25. Bxd4 Bxd4 26. Rxd4 Nf6 27. Kg1 Kf8 28. Kf2 Ke7 29. Rb4 Rc7 30. Bd3 h5 31. Kg3 Nd5 32. Nxd5+ Bxd5 33. Rf4 Be6 34. Rd4 Rc5 35. Kf4 b5 36. a4 bxa4 37. Rxa4 a5 38. g3 Kf6 39. Ke3 h4 40. Rf4+ Ke7 41. Rf1 hxg3 42. hxg3 Rh5 43. Ra1 Kd6 44. Kf4 f6 45. Rd1 Ke7 46. Re1 Kd6 47. Ra1 Rh2 48. Be4 f5 49. Rd1+ Ke7 50. Rh1 Rd2 51. Ke3 Rd8 52. Bd3 a4 53. Ra1 Rb8 54. Rxa4 Rxb2 55. Kf4 Kf6 56. Ra6 Rb4+ 57. c4 Ke7 58. Ke5 Bxc4 59. Ra7+ Kf8 60. Bxf5 Bf7 61. Kf6 Rb6+ 62. Kg5 Kg7 63. Bxg4 Rb5+ 64. Bf5 Rc5 65. g4 Rb5 66. Rc7 Ra5 67. Rb7 Rc5 68. Kf4 Rc4+ 69. Ke5 Rc5+ 70. Kd4 Rd5+ 71. Ke4 Rd1 72. Kf4 Rd4+ 73. Be4 Ra4 74. Rc7 Rc4 75. Ra7 Rb4 76. g5 Kf8 77. Ke5 Rb5+ 78. Kf6 Rb6+ 79. Ke5 1/2-1/2